UM Logo

Reflections on teaching: (Record no. 1265)

MARC details
000 -LEADER
fixed length control field 00566nam a22001577a 4500
008 - FIXED-LENGTH DATA ELEMENTS--GENERAL INFORMATION
fixed length control field 160311b xxu||||| |||| 00| 0 eng d
020 ## - INTERNATIONAL STANDARD BOOK NUMBER
International Standard Book Number 978-971-0391-89-9
082 ## - DEWEY DECIMAL CLASSIFICATION NUMBER
Edition number 2013
Classification number DFil 371.102
Item number C33
100 ## - MAIN ENTRY--PERSONAL NAME
9 (RLIN) 3658
Personal name Cerda, Roger Don SJ.
245 ## - TITLE STATEMENT
Title Reflections on teaching:
Remainder of title Anecdotes, challenges, insights, inspirations, quotes, & tips/
Statement of responsibility, etc. Roger Don SJ. Cerda.
260 ## - PUBLICATION, DISTRIBUTION, ETC. (IMPRINT)
Place of publication, distribution, etc. Quezon City:
Name of publisher, distributor, etc. Great Books Publishing,
Date of publication, distribution, etc. c2013.
300 ## - PHYSICAL DESCRIPTION
Extent viii, 136 pages;
Dimensions 23 cm.
500 ## - GENERAL NOTE
General note Includes webliography.
650 #0 - SUBJECT ADDED ENTRY--TOPICAL TERM
9 (RLIN) 3659
Topical term or geographic name as entry element Teaching as a profession
942 ## - ADDED ENTRY ELEMENTS (KOHA)
Source of classification or shelving scheme Dewey Decimal Classification
Koha item type Filipiniana
Holdings
Withdrawn status Lost status Source of classification or shelving scheme Damaged status Not for loan Collection code Home library Current library Shelving location Date acquired Source of acquisition Total Checkouts Full call number Barcode Date last seen Date last checked out Copy number Price effective from Koha item type
    Dewey Decimal Classification     Filipiniana UM Digos College - LIC UM Digos College - LIC Book Cart 09/25/2014 Purchased 2 DFil 371.102 C33 2013 22531 05/15/2025 12/07/2018 1 03/11/2016 Filipiniana
    Dewey Decimal Classification     Filipiniana UM Digos College - LIC UM Digos College - LIC Book Cart 09/25/2014 Purchased 1 DFil 371.102 C33 2013 22532 05/15/2025 04/30/2019 2 03/11/2016 Filipiniana
    Dewey Decimal Classification     Filipiniana UM Digos College - LIC UM Digos College - LIC   09/25/2014 Purchased 1 DFil 371.102 C33 2013 22542 05/15/2025 05/11/2018 3 03/15/2016 Filipiniana